Catálogo

Mujeres de las Américas / (Registro nro. 57080)

Detalles MARC
000 -LEADER
fixed length control field 01316cam a2200289 i 4500
001 - CONTROL NUMBER
control field 57080
005 - DATE AND TIME OF LATEST TRANSACTION
control field 20240410104053.0
008 - FIXED-LENGTH DATA ELEMENTS--GENERAL INFORMATION
fixed length control field 140415s2011 mx r 000 0 spa d
020 ## - INTERNATIONAL STANDARD BOOK NUMBER
Terms of availability En tramite
040 ## - CATALOGING SOURCE
Original cataloging agency MX-PuUPA
Language of cataloging spa
Description conventions rda
Transcribing agency Mx-PuUPA
Modifying agency Mx-PuUPA
041 0# - LANGUAGE CODE
Language code of text/sound track or separate title spa
082 0# - DEWEY DECIMAL CLASSIFICATION NUMBER
Classification number 305.42097
Item number HER
100 1# - MAIN ENTRY--PERSONAL NAME
Personal name Herrerías Guerra, María,
Relator term autor
9 (RLIN) 7063
245 10 - TITLE STATEMENT
Title Mujeres de las Américas /
Statement of responsibility, etc. María Herrerías Guerra ; con la colaboración de Mayra Barrientos Arriaga, Juan Francisco Hernández Herrerías.
264 #1 - PRODUCTION, PUBLICATION, DISTRIBUTION, MANUFACTURE, AND COPYRIGHT NOTICE
Place of production, publication, distribution, manufacture México, D.F. :
Name of producer, publisher, distributor, manufacturer Centro de Estudios para el Adelanto de las Mujeres y la Equidad de Género,
Date of production, publication, distribution, manufacture, or copyright notice [2011?]
300 ## - PHYSICAL DESCRIPTION
Extent 222 páginas ;
Dimensions 23 cm.
336 ## - CONTENT TYPE
Content type term texto
Source rdacontent
337 ## - MEDIA TYPE
Media type term sin mediación
Source rdamedia
338 ## - CARRIER TYPE
Carrier type term volumen
Source rdacarrier
650 04 - SUBJECT ADDED ENTRY--TOPICAL TERM
Topical term or geographic name entry element Mujeres activistas
Geographic subdivision América
General subdivision Historia
650 #4 - SUBJECT ADDED ENTRY--TOPICAL TERM
Topical term or geographic name entry element Mujeres
General subdivision Actividad política
Geographic subdivision América
651 #4 - SUBJECT ADDED ENTRY--GEOGRAPHIC NAME
Geographic name América
General subdivision Historia
Chronological subdivision 1810-
700 1# - ADDED ENTRY--PERSONAL NAME
Personal name Barrientos Arriaga, Mayra,
Relator term colaborador
700 1# - ADDED ENTRY--PERSONAL NAME
Personal name Hernández Herrerías, Juan Francisco,
Relator term colaborador
765 1# - ORIGINAL LANGUAGE ENTRY
Main entry heading Herrerías Guerra, María.
Title Women of America.
Place, publisher, and date of publication México, D.F. : Center for advancement of women and gender equality house of representatives, [2011?]
Physical description 222 páginas ; 23 cm.
Record control number (UPAEP UPA01) 62612
942 ## - ADDED ENTRY ELEMENTS (KOHA)
Classification part 305.42097
Item part HER
Koha item type Libro
Existencias
Withdrawn status Lost status Source of classification or shelving scheme Damaged status Not for loan Collection code Home library Current library Shelving location Date acquired Source of acquisition Inventory number Total Checkouts Full call number Barcode Date last seen Price effective from Koha item type
    Dewey Decimal Classification     General Biblioteca Karol Wojtyla Biblioteca Karol Wojtyla Sala general 23/02/2017 Compra 151000000000000000054005   305.42097 HER 2011 94552 05/01/2026 19/04/2018 Libro